000 00698nam a2200289Ia 4500
005 20260324122046.0
008 008 260324s9999 xx 000 0 eng d
020 _a9781315700588
037 _aEBOOK
040 _aCRL
040 _beng
040 _cCRL
041 _2eng
041 _aeng
084 _qCRL
100 _aP.M. Rao; Joseph A. Klein
_91164949
245 0 _aStrategies for High-Tech Firms
245 0 _bMarketing, Economic, and Legal Issues
260 _bTaylor and Francis
260 _c2013
365 _a
365 _b350
856 _uhttp://www.taylorfrancis.com/books/9781315700588
942 _cEBOOK
999 _c1757423
_d1757423